00560nam a2200193Ia 450000500170000000800410001702000140005804000190007204100120009108200200010310000210012324500530014426000480019730000150024550400320026065000180029265100460031085000100035620230313111136.0131103s9999 xx 000 0 und d a691062471 aLoreto College aEnglish a822.33bSHA-MAC aElroy Bernard Mc aShakespeare's mature tragediescBernard Mc Elroy aPrincetonbPrinceton University Pressc1973 aix,256 p.  aIncludes appendix and index aEnglish Drama aShakespeare,William - Tragedy - Criticism aLCLIB